000 00654nam a22002057a 4500
003 OSt
005 20250725024604.0
008 250725b |||||||| |||| 00| 0 eng d
020 _a978-1-98468-875-0
040 _aDWC-Main Lib
_cOC
082 _aRes. 005.1 C221c 2024
100 _aCanevska, Ena
245 _aCore concepts in computer science :
_bsoftware engineering/
_cEna Canevska
250 _aSecond edition
260 _aNew York :
_b3G E-Learning,
_cc2024.
300 _aix, 297 pages :
_bcolor illustrations ;
_c26cm.
504 _aIncludes index.
650 _a1. Software engineering.
942 _2ddc
_cBK-0 CIRC
_eSecond edition
_kRes.
_n0
999 _c3808
_d3808